000 00946nas a2200277 4500
001 BR7900489
003 BR-BrBNA
005 20231205083619.0
007 ta
008 230509b bl.|||p| |||| 00| 00por d
040 _aBR-BrBNA
_bpor
_cBiblioteca Nacional de Agricultura
041 _a(Pt)
072 _aL30; F60
100 1 _aNascimento, A. do
100 1 _aHall, G.A.B.
245 1 _aEstudos comparativos de capim-annoni 2 (Eragrostis plana)e pastagem nativa de varzea da regiao de Santa Maria, Rio Grande o Sul, 1: Caracteristicas quimico-bromatologicas [Brasil]
650 _aCAPIM ANNONI
650 _aGRAMINEA FORRAGEIRA
650 _aCOMPOSICAO QUIMICA
650 _aVALOR NUTRITIVO
650 _aSANTA MARIA
650 _aRIO GRANDE DO SUL
773 0 _tPesquisa Agropecuaria Brasileira (Brazil)
_xISSN 0100-204X
_g(1978), v. 13(2) p. 7-14
_wBR7900489
909 _a202311
_bLúcia
_c55
_dLúcia Elande
942 _2AGRIS
_n0
_cANA
999 _c100058
_d100058